| 000 | 00696nam a2200289Ia 4500 | ||
|---|---|---|---|
| 008 | 160803s9999 xx 000 0 und d | ||
| 020 | _a0 679881263 | ||
| 100 | _aCoxe, Molly | ||
| 245 | _aBig egg / | ||
| 245 | _cby Molly Coxe. | ||
| 260 | _aNew York : | ||
| 260 | _bScholastic Inc. | ||
| 260 | _c1997 | ||
| 300 | _a32 pages : | ||
| 300 | _bchiefly color illustrations ; | ||
| 300 | _c23 cm. | ||
| 440 | _aEarly step into reading. | ||
| 650 | _aAnimals -- Infancy -- | ||
| 650 | _aChickens -- | ||
| 650 | _aDomestic animals -- | ||
| 650 | _aOstriches -- | ||
| 650 | _xFiction. | ||
| 650 | _xFiction. | ||
| 650 | _xFiction. | ||
| 650 | _xFiction. | ||
| 700 | _aBR | ||
| 999 |
_c299201 _d299201 |
||